banner-ar

GRAMMAIRE DE L,ARABE / (Record no. 11699)

MARC details
000 -الفاتح
حقل البيانات ثابتة الطول 00413nam a2200157Ia 4500
008 - عناصر البيانات ثابتة الطول - معلومات عامة
حقل البيانات ثابتة الطول 140319s9999 xx 000 0 eng d
040 ## - مصدر الفهرسة
وكالة الفهرسة الأصلية GCL /
وكالة النسخ GCL
082 04 - رقم تصنيف ديوى العشرى
رقم التصنيف 492.7
رقم المادة L G
100 1# - المدخل الرئيسى - إسم شخصى
الإسم الشخصى LECOMTE, GERARD
245 10 - بيان العنوان
العنوان GRAMMAIRE DE L,ARABE /
بيان المسئوليه,etc LECOMTE, GERARD
260 ## - PUBLICATION, DISTRIBUTION, ETC. (IMPRINT)
تاريخ النشر أو التوزيع 1968
300 ## - الوصف المادى
التعداد 125P
650 04 - المدخل الاضافى بالموضوع-مصطلح موضوعى
مصطلح موضوعي ARABIC LANGUAGE
942 ## - عناصر المدخل الإضافي( كوها)
مصدر التصنيف او مخطط الترفيف Dewey Decimal Classification
Koha [default] item type كتاب
260 ## - PUBLICATION, DISTRIBUTION, ETC. (IMPRINT)
-- [S.N] :
-- PRESSES UNIVERSITOIRE DE FRANCE ،
Holdings
حالة التراجع حالة الفقد حالة تلف ليس للاعارة المكان المؤقت الموقع الحالى تاريخ الاكتساب اجمالي اﻻعارات رقم الطلب الباركود تاريخ اخر مشاهدة تاريخ تفعيل السعر نوع وعاء كوها
        مكتبة القاهرة الكبرى مكتبة القاهرة الكبرى 03/26/2014   492.7\L G 23013 03/26/2014 03/26/2014 كتاب

Powered By

EGPV